Loading...
Auditory Arts | 1 | 1 | 1 | 0 | 20 | 61 | 75.50 | 2 | 2 |
Philosophy | 0 | 3 | 2 | 0 | 20 | 76 | 86.67 | 1 | 3 |
Literature - American Literature | 1 | 0 | 0 | 0 | 15 | 36 | 36.00 | 1 | 1 |
Social Science | 0 | 3 | 3 | 1 | 15 | 91 | 106.67 | 0 | 3 |
Science - Physics | 0 | 2 | 1 | 0 | 15 | 77 | 107.00 | 1 | 2 |
Literature - British Literature | 0 | 1 | 0 | 0 | 10 | 94 | 94.00 | 0 | 1 |
Visual Arts | 0 | 1 | 1 | 1 | 5 | 140 | 140.00 | 0 | 0 |
History - Ancient History | 0 | 1 | 1 | 0 | 5 | 110 | 110.00 | 1 | 1 |
Literature - European Literature | 0 | 1 | 1 | 0 | 5 | 150 | 150.00 | 0 | 1 |
Beliefs | 0 | 1 | 2 | 0 | 0 | 117 | 117.00 | 0 | 1 |
History - World History | 0 | 0 | 1 | 0 | -5 | 0.00 | 0 | 0 | |
Science - Biology | 0 | 0 | 1 | 0 | -5 | 0.00 | 0 | 0 | |
Science - Chemistry | 0 | 0 | 1 | 0 | -5 | 0.00 | 0 | 0 | |
Literature - World Literature | 0 | 0 | 1 | 0 | -5 | 0.00 | 0 | 0 | |
History - American History | 0 | 0 | 1 | 0 | -5 | 0.00 | 0 | 0 | |
History - European History | 0 | 0 | 2 | 0 | -10 | 0.00 | 0 | 0 | |
Science - Other Science | 0 | 0 | 4 | 0 | -20 | 0.00 | 0 | 0 |